Syrian christians of Kerala: Demographic and socio-economic transition in the twentieth century. (Record no. 108512)
[ view plain ]
| 000 -LEADER | |
|---|---|
| fixed length control field | 00496nam a2200157Ia 4500 |
| 008 - FIXED-LENGTH DATA ELEMENTS--GENERAL INFORMATION | |
| fixed length control field | 210210b2006 xxu||||| |||| 00| 0 eng d |
| 020 ## - INTERNATIONAL STANDARD BOOK NUMBER | |
| International Standard Book Number | 81 250 3009 3 |
| 082 ## - DEWEY DECIMAL CLASSIFICATION NUMBER | |
| Classification number | 279.5483 ZACS |
| 100 ## - MAIN ENTRY--PERSONAL NAME | |
| Personal name | ZACHARIAH (K C). |
| 245 ## - TITLE STATEMENT | |
| Title | Syrian christians of Kerala: Demographic and socio-economic transition in the twentieth century. |
| 260 ## - PUBLICATION, DISTRIBUTION, ETC. | |
| Place of publication, distribution, etc. | Hyderabad |
| Name of publisher, distributor, etc. | Orient Longman Private Limited |
| Date of publication, distribution, etc. | 2006 |
| 300 ## - PHYSICAL DESCRIPTION | |
| Extent | xvi,300 |
| 650 ## - SUBJECT ADDED ENTRY--TOPICAL TERM | |
| Topical term or geographic name entry element | Syrian Christians Kerala |
| 690 ## - LOCAL SUBJECT ADDED ENTRY--TOPICAL TERM (OCLC, RLIN) | |
| Topical term or geographic name as entry element | Christianity |
| 906 ## - LOCAL DATA ELEMENT F, LDF (RLIN) | |
| a | 061596 |
| Withdrawn status | Lost status | Damaged status | Not for loan | Collection code | Home library | Current library | Shelving location | Date acquired | Source of acquisition | Cost, normal purchase price | Total Checkouts | Full call number | Barcode | Date last seen | Date last checked out | Price effective from | Koha item type |
|---|---|---|---|---|---|---|---|---|---|---|---|---|---|---|---|---|---|
| St Aloysius Library | St Aloysius Library | 02/17/2021 | Vedam S and Books Private Limited | 750.00 | 2 | 279.5483 ZACS | 061596 | 07/17/2023 | 06/17/2023 | 02/17/2021 | Book |